Statistics for Guess every bfdi characters name

Click here to take the quiz!

General Stats

  • This quiz has been taken 67 times
  • The average score is 10 of 15

Answer Stats

HintsAnswer% Correct
red blockblocky
100%
blue circlebubble
79%
stickmandavid
74%
firefirey
74%
leafleafy
74%
hates calling needyneedle
74%
bossygolf ball
72%
in matches alliancepencil
70%
pinkeraser
65%
in iancematch
63%
pink yellowflower
60%
redpin
56%
blue longpen
53%
3d cube blueicy
44%
round yellowcoiny
42%

Score Distribution

Percentile by Number Answered

Percent of People with Each Score

Your Score History

You have not taken this quiz